[Event "DEM U10w 2017"]
[Site "Willingen GER"]
[Date "2017.06.07"]
[Round "6"]
[White "Zhou, Lepu Coco"]
[Black "Trunz, Michelle"]
[Result "1-0"]
[Termination "normal"]
[Board "4"]
[WhiteElo "1592"]
[BlackElo "1340"]
[WhiteClock "00:47:16"]
[BlackClock "00:59:26"]
[PlyCount "69"]
[WhiteFideId "16217136"]
[BlackFideId "16227980"]
[EventCountry "GER"]
[EventRounds "11"]
[EventType "swiss"]
[EventDate "2017.06.03"]

1. e4 {[%clk 1:15:58]} 1... c5 {[%clk 1:15:44]} 2. Nf3 {[%clk 1:16:23]} 2... d6
{[%clk 1:15:59]} 3. d4 {[%clk 1:16:49]} 3... cxd4 {[%clk 1:16:16]} 4. Qxd4 {
[%clk 1:17:12]} 4... a6 {[%clk 1:16:28]} 5. c4 {[%clk 1:17:30]} 5... Nc6 {
[%clk 1:16:29]} 6. Qe3 {[%clk 1:17:48]} 6... Nf6 {[%clk 1:14:05]} 7. h3 { [%clk
1:18:11]} 7... e6 {[%clk 1:13:59]} 8. Nc3 {[%clk 1:17:35]} 8... Be7 { [%clk
1:13:31]} 9. Be2 {[%clk 1:17:38]} 9... O-O {[%clk 1:13:26]} 10. O-O { [%clk
1:17:53]} 10... Qc7 {[%clk 1:09:54]} 11. b3 {[%clk 1:18:09]} 11... b6 { [%clk
1:09:28]} 12. Ba3 {[%clk 1:18:25]} 12... Bb7 {[%clk 1:09:09]} 13. Rac1 { [%clk
1:18:36]} 13... Rfd8 {[%clk 1:08:38]} 14. Nd5 {[%clk 1:17:14]} 14... exd5
{[%clk 1:03:05]} 15. cxd5 {[%clk 1:17:36]} 15... Qd7 {[%clk 1:00:36]} 16. dxc6
{[%clk 1:17:47]} 16... Bxc6 {[%clk 1:00:49]} 17. e5 {[%clk 1:06:56]} 17... Nd5
{[%clk 0:59:43]} 18. Qd4 {[%clk 1:06:29]} 18... Rac8 {[%clk 0:59:14]} 19. Bxd6
{[%clk 1:01:09]} 19... Bxd6 {[%clk 0:59:02]} 20. exd6 {[%clk 1:01:17]} 20...
Qxd6 {[%clk 0:58:59]} 21. Bxa6 {[%clk 0:56:41]} 21... Ra8 {[%clk 0:58:48]} 22.
Bc4 {[%clk 0:53:54]} 22... b5 {[%clk 0:58:17]} 23. Bxd5 {[%clk 0:53:24]} 23...
Qxd5 {[%clk 0:58:04]} 24. Qxd5 {[%clk 0:53:48]} 24... Bxd5 {[%clk 0:58:21]} 25.
Rfd1 {[%clk 0:50:16]} 25... Be6 {[%clk 0:58:35]} 26. Rxd8+ {[%clk 0:50:28]}
26... Rxd8 {[%clk 0:58:55]} 27. a4 {[%clk 0:49:42]} 27... Rb8 {[%clk 0:58:08]}
28. axb5 {[%clk 0:49:49]} 28... h6 {[%clk 0:58:31]} 29. Nd4 {[%clk 0:49:55]}
29... Bd7 {[%clk 0:58:29]} 30. Rc5 {[%clk 0:49:06]} 30... Kf8 {[%clk 0:58:34]}
31. Kf1 {[%clk 0:48:06]} 31... Ke7 {[%clk 0:58:43]} 32. Nc6+ {[%clk 0:46:25]}
32... Bxc6 {[%clk 0:59:01]} 33. bxc6 {[%clk 0:46:51]} 33... Rxb3 { [%clk
0:59:13]} 34. c7 {[%clk 0:47:16]} 34... Kd7 {[%clk 0:59:26]} 35. c8=Q+ 1-0

[Event "DEM U10w 2017"]
[Site "Willingen GER"]
[Date "2017.06.07"]
[Round "6"]
[White "Keymer, Cecilia"]
[Black "Englert, Lin"]
[Result "1/2-1/2"]
[Termination "normal"]
[Board "5"]
[WhiteElo "1311"]
[BlackElo "1165"]
[WhiteClock "00:12:09"]
[BlackClock "00:21:41"]
[PlyCount "108"]
[WhiteFideId "16233468"]
[BlackFideId "16226410"]
[EventCountry "GER"]
[EventRounds "11"]
[EventType "swiss"]
[EventDate "2017.06.03"]

1. d4 {[%clk 1:15:58]} 1... d5 {[%clk 1:15:52]} 2. c4 {[%clk 1:16:19]} 2... e6
{[%clk 1:16:15]} 3. Nc3 {[%clk 1:16:40]} 3... Nf6 {[%clk 1:16:24]} 4. cxd5 {
[%clk 1:16:58]} 4... exd5 {[%clk 1:16:33]} 5. Bg5 {[%clk 1:17:02]} 5... Be7 {
[%clk 1:16:40]} 6. e3 {[%clk 1:16:52]} 6... Nbd7 {[%clk 1:16:49]} 7. Bd3 {
[%clk 1:16:41]} 7... c6 {[%clk 1:16:15]} 8. Nf3 {[%clk 1:16:46]} 8... O-O {
[%clk 1:15:46]} 9. Qc2 {[%clk 1:16:39]} 9... Re8 {[%clk 1:13:44]} 10. O-O {
[%clk 1:16:44]} 10... Nf8 {[%clk 1:12:45]} 11. Rab1 {[%clk 1:15:27]} 11... Ng6
{[%clk 1:12:49]} 12. b4 {[%clk 1:11:47]} 12... Bg4 {[%clk 1:11:14]} 13. Nd2 {
[%clk 1:08:44]} 13... Rc8 {[%clk 1:05:03]} 14. h3 {[%clk 1:06:36]} 14... Bd7 {
[%clk 1:03:29]} 15. Nf3 {[%clk 1:00:30]} 15... Ne4 {[%clk 1:00:33]} 16. Bxe7 {
[%clk 0:58:55]} 16... Qxe7 {[%clk 1:00:46]} 17. a4 {[%clk 0:55:13]} 17... Nxc3
{[%clk 1:00:30]} 18. Qxc3 {[%clk 0:55:15]} 18... Qf6 {[%clk 0:55:32]} 19. Qc2 {
[%clk 0:52:06]} 19... a6 {[%clk 0:50:38]} 20. Rfe1 {[%clk 0:44:38]} 20... Bxh3
{[%clk 0:44:54]} 21. Bxg6 {[%clk 0:39:32]} 21... fxg6 {[%clk 0:40:58]} 22. Qc5
{[%clk 0:35:20]} 22... Bf5 {[%clk 0:39:55]} 23. Rb3 {[%clk 0:34:02]} 23... Qe7
{[%clk 0:39:14]} 24. Qb6 {[%clk 0:33:34]} 24... Qc7 {[%clk 0:38:28]} 25. Qc5 {
[%clk 0:33:28]} 25... b6 {[%clk 0:38:22]} 26. Qc3 {[%clk 0:33:22]} 26... Qd6 {
[%clk 0:37:32]} 27. Rc1 {[%clk 0:32:06]} 27... Re7 {[%clk 0:36:13]} 28. Ne5 {
[%clk 0:31:16]} 28... Rec7 {[%clk 0:35:52]} 29. g4 {[%clk 0:29:22]} 29... Be4 {
[%clk 0:32:07]} 30. Kf1 {[%clk 0:25:12]} 30... g5 {[%clk 0:31:43]} 31. f3 {
[%clk 0:23:53]} 31... Bg6 {[%clk 0:31:31]} 32. Qd2 {[%clk 0:21:02]} 32... Rf8 {
[%clk 0:25:43]} 33. Qe2 {[%clk 0:19:30]} 33... b5 {[%clk 0:24:48]} 34. axb5 {
[%clk 0:19:11]} 34... cxb5 {[%clk 0:24:16]} 35. Qd2 {[%clk 0:15:48]} 35... Rfc8
{[%clk 0:24:05]} 36. Rxc7 {[%clk 0:14:14]} 36... Qxc7 {[%clk 0:23:39]} 37. Nxg6
{[%clk 0:13:50]} 37... Qc1+ {[%clk 0:22:21]} 38. Qxc1 {[%clk 0:13:19]} 38...
Rxc1+ {[%clk 0:22:44]} 39. Kf2 {[%clk 0:13:33]} 39... hxg6 {[%clk 0:22:59]} 40.
Rb2 {[%clk 0:11:55]} 40... Kf7 {[%clk 0:22:20]} 41. Ke2 {[%clk 0:12:03]} 41...
Rc6 {[%clk 0:21:26]} 42. Kd2 {[%clk 0:12:00]} 42... Rf6 {[%clk 0:21:16]} 43.
Ke2 {[%clk 0:12:22]} 43... Re6 {[%clk 0:21:17]} 44. Rc2 {[%clk 0:12:31]} 44...
Ke7 {[%clk 0:21:13]} 45. Rc7+ {[%clk 0:12:49]} 45... Kd6 {[%clk 0:19:43]} 46.
Rxg7 {[%clk 0:12:20]} 46... Kc6 {[%clk 0:19:55]} 47. Rh7 {[%clk 0:12:17]} 47...
Kb6 {[%clk 0:19:44]} 48. Rh1 {[%clk 0:12:06]} 48... a5 {[%clk 0:20:03]} 49.
bxa5+ {[%clk 0:12:16]} 49... Kxa5 {[%clk 0:20:24]} 50. Ra1+ {[%clk 0:12:36]}
50... Kb4 {[%clk 0:20:42]} 51. Rb1+ {[%clk 0:12:56]} 51... Kc4 {[%clk 0:21:01]}
52. Rc1+ {[%clk 0:12:14]} 52... Kb4 {[%clk 0:21:18]} 53. Rb1+ {[%clk 0:12:36]}
53... Ka4 {[%clk 0:21:30]} 54. Ra1+ {[%clk 0:12:09]} 54... Kb4 {[%clk 0:21:41]}
1/2-1/2

[Event "DEM U10w 2017"]
[Site "Willingen GER"]
[Date "2017.06.07"]
[Round "6"]
[White "Ramien, Hannah"]
[Black "Vianden, Ella"]
[Result "1-0"]
[Termination "normal"]
[Board "6"]
[WhiteElo "1243"]
[BlackElo "1050"]
[WhiteClock "00:59:33"]
[BlackClock "00:10:43"]
[PlyCount "99"]
[WhiteFideId "16209982"]
[BlackFideId "16235592"]
[EventCountry "GER"]
[EventRounds "11"]
[EventType "swiss"]
[EventDate "2017.06.03"]

1. e4 {[%clk 1:15:58]} 1... e5 {[%clk 1:15:57]} 2. Nf3 {[%clk 1:16:18]} 2...
Nc6 {[%clk 1:16:18]} 3. Bc4 {[%clk 1:16:40]} 3... Nf6 {[%clk 1:16:30]} 4. d3
4... Be7 {[%clk 1:16:26]} 5. c3 {[%clk 1:17:16]} 5... O-O 6. O-O 6... d5 {
[%clk 1:15:14]} 7. exd5 {[%clk 1:17:34]} 7... Nxd5 {[%clk 1:14:50]} 8. h3 {
[%clk 1:17:06]} 8... Be6 {[%clk 1:05:35]} 9. Nbd2 {[%clk 1:13:42]} 9... Nf4 {
[%clk 1:00:48]} 10. Ne4 {[%clk 1:05:26]} 10... Qc8 {[%clk 0:50:39]} 11. Bxe6 {
[%clk 1:03:32]} 11... Qxe6 {[%clk 0:49:14]} 12. Bxf4 {[%clk 1:03:35]} 12...
exf4 {[%clk 0:49:02]} 13. Re1 {[%clk 1:02:48]} 13... Rad8 {[%clk 0:46:37]} 14.
Nc5 {[%clk 0:54:00]} 14... Qc8 {[%clk 0:45:28]} 15. Ne4 {[%clk 0:52:42]} 15...
f5 {[%clk 0:44:03]} 16. Neg5 {[%clk 0:52:19]} 16... Rf6 {[%clk 0:40:46]} 17.
Qb3+ {[%clk 0:51:48]} 17... Kh8 {[%clk 0:38:42]} 18. Nf7+ {[%clk 0:51:52]}
18... Rxf7 {[%clk 0:37:36]} 19. Qxf7 {[%clk 0:51:50]} 19... Bf6 {[%clk 0:34:54]
} 20. Qe6 {[%clk 0:51:08]} 20... Qxe6 {[%clk 0:32:12]} 21. Rxe6 {[%clk 0:49:04]
} 21... Kg8 {[%clk 0:30:42]} 22. d4 {[%clk 0:48:51]} 22... Kf7 {[%clk 0:27:57]}
23. Rae1 {[%clk 0:48:59]} 23... Rd5 {[%clk 0:23:54]} 24. R6e2 {[%clk 0:44:59]}
24... Ra5 {[%clk 0:22:07]} 25. Ne5+ {[%clk 0:44:51]} 25... Kf8 {[%clk 0:19:31]}
26. Nxc6 {[%clk 0:44:36]} 26... bxc6 {[%clk 0:19:18]} 27. b3 {[%clk 0:42:14]}
27... Rd5 {[%clk 0:17:15]} 28. Re8+ {[%clk 0:41:34]} 28... Kf7 {[%clk 0:17:01]}
29. Ra8 {[%clk 0:41:44]} 29... a5 {[%clk 0:15:43]} 30. Ra7 {[%clk 0:42:00]}
30... Bd8 {[%clk 0:14:16]} 31. Re5 {[%clk 0:41:46]} 31... Rd6 {[%clk 0:12:07]}
32. Rxf5+ {[%clk 0:41:49]} 32... Rf6 {[%clk 0:10:57]} 33. Raxa5 {[%clk 0:41:52]
} 33... Ke6 {[%clk 0:09:58]} 34. Rxf6+ {[%clk 0:42:05]} 34... Bxf6 { [%clk
0:09:43]} 35. Kf1 {[%clk 0:42:10]} 35... g5 {[%clk 0:08:50]} 36. Rc5 { [%clk
0:42:18]} 36... Kd6 {[%clk 0:08:12]} 37. a4 {[%clk 0:42:37]} 37... Kd7 { [%clk
0:07:34]} 38. a5 {[%clk 0:42:39]} 38... Be7 {[%clk 0:06:28]} 39. Rc4 { [%clk
0:42:06]} 39... Kc8 {[%clk 0:06:25]} 40. Ra4 {[%clk 0:42:19]} 40... Kb7 { [%clk
0:06:24]} 41. Ke2 {[%clk 0:42:40]} 41... Ka6 {[%clk 0:06:12]} 42. Kd3 { [%clk
0:42:57]} 42... h5 {[%clk 0:05:04]} 43. Ke4 {[%clk 0:43:12]} 43... h4 { [%clk
0:02:00]} 44. f3 {[%clk 0:43:12]} 44... Bd8 {[%clk 0:15:02]} 45. Kd3 { [%clk
0:58:45]} 45... Ka7 {[%clk 0:13:52]} 46. Rc4 {[%clk 0:58:41]} 46... Ka6 { [%clk
0:13:06]} 47. Rxc6+ {[%clk 0:58:58]} 47... Kxa5 {[%clk 0:13:14]} 48. Kc4 {[%clk
0:58:59]} 48... g4 {[%clk 0:11:16]} 49. b4+ {[%clk 0:59:15]} 49... Ka4 { [%clk
0:10:43]} 50. Ra6# {[%clk 0:59:33]} 1-0

[Event "DEM U10w 2017"]
[Site "Willingen GER"]
[Date "2017.06.07"]
[Round "6"]
[White "Wilmink, Anna"]
[Black "Sohr, Luna"]
[Result "0-1"]
[Termination "normal"]
[Board "7"]
[WhiteElo "1140"]
[BlackElo "1199"]
[PlyCount "80"]
[WhiteFideId "16273680"]
[BlackFideId "16251261"]
[EventCountry "GER"]
[EventRounds "11"]
[EventType "swiss"]
[EventDate "2017.06.03"]

1. e4 e5 2. Nc3 Nc6 3. Bc4 Nf6 4. d3 h6 5. f4 d6 6. Nf3 Bg4 7. O-O Nd4 8. Be3
Nxf3+ 9. gxf3 Bh3 10. Rf2 Be7 11. fxe5 dxe5 12. f4 exf4 13. Bxf4 O-O 14. Rf3
Bg4 15. Nb5 c6 16. Nc7 Rc8 17. Qf1 Bxf3 18. Qxf3 Rxc7 19. e5 Nd5 20. Bxd5 Qxd5
21. Qg4 Qe6 22. Qf3 Bc5+ 23. Kf1 Qg6 24. Ke2 Re8 25. h4 h5 26. c3 Qg4 27. Qxg4
hxg4 28. Kd2 Rce7 29. d4 Bb6 30. Rg1 Re6 31. h5 Rd8 32. Rxg4 c5 33. Be3 cxd4
34. cxd4 Rxe5 35. h6 g6 36. Kc3 Rxe3+ 37. Kc4 Re1 38. a4 Rd1 39. Kb5 R1xd4 40.
Rg3 R8d5# 0-1

[Event "DEM U10w 2017"]
[Site "Willingen GER"]
[Date "2017.06.07"]
[Round "6"]
[White "Fischer, Darja"]
[Black "Bräutigam, Katerina"]
[Result "1-0"]
[Termination "normal"]
[Board "8"]
[WhiteElo "1196"]
[BlackElo "1064"]
[PlyCount "50"]
[WhiteFideId "16240898"]
[BlackFideId "16242980"]
[EventCountry "GER"]
[EventRounds "11"]
[EventType "swiss"]
[EventDate "2017.06.03"]

1. e4 c5 2. Nf3 Nc6 3. d4 cxd4 4. Nxd4 Nxd4 5. Qxd4 a6 6. Bc4 e6 7. O-O b5 8.
Bd3 d6 9. f4 Ne7 10. b3 Nc6 11. Qc3 Be7 12. Qxc6+ Bd7 13. Qc3 Bf6 14. e5 dxe5
15. fxe5 Be7 16. Qe1 O-O 17. Qg3 Re8 18. Bh6 Bf8 19. Nd2 Bc6 20. Rf2 Qd4 21.
Raf1 Re7 22. Kh1 g6 23. Qh3 Bg7 24. Bxg7 Kxg7 25. Nf3 Bxf3 1-0

[Event "DEM U10w 2017"]
[Site "Willingen GER"]
[Date "2017.06.07"]
[Round "6"]
[White "Voigt, Anastasia"]
[Black "Prinzen, Siri Marleen"]
[Result "1/2-1/2"]
[Termination "normal"]
[Board "9"]
[WhiteElo "1181"]
[BlackElo "951"]
[PlyCount "92"]
[WhiteFideId "16235223"]
[BlackFideId "16265912"]
[EventCountry "GER"]
[EventRounds "11"]
[EventType "swiss"]
[EventDate "2017.06.03"]

1. e4 e5 2. Nf3 Nc6 3. Bc4 Bc5 4. c3 Nf6 5. d4 exd4 6. e5 d5 7. Bb5 Ne4 8. cxd4
Bb6 9. Bxc6+ bxc6 10. Be3 Bg4 11. h3 Bh5 12. Nc3 O-O 13. g4 Bg6 14. Qb3 Ba5 15.
Bd2 Nxc3 16. Bxc3 Bxc3+ 17. Qxc3 Be4 18. O-O f6 19. exf6 Qxf6 20. Ne5 Qh4 21.
Qg3 Qh6 22. f4 Qd6 23. Rac1 Qb4 24. Qc3 Qa4 25. a3 Qa6 26. Nxc6 Rf6 27. Ne5 Rh6
28. b4 Rc8 29. Nc6 Kf8 30. Ne5 c6 31. Nd7+ Ke7 32. Nc5 Qb5 33. Rce1 Kf7 34.
Nxe4 dxe4 35. Rxe4 Rd8 36. Ree1 Qd5 37. Rd1 Qe4 38. Qc4+ Kf8 39. Qc3 Rhd6 40.
Rfe1 Qg6 41. Qc5 a6 42. f5 Qf6 43. Re6 Qh4 44. Rxd6 Qg3+ 45. Kf1 Qf3+ 46. Ke1
Qe3+ 1/2-1/2

[Event "DEM U10w 2017"]
[Site "Willingen GER"]
[Date "2017.06.07"]
[Round "6"]
[White "Peglau, Charis"]
[Black "Ottlik, Marie"]
[Result "1-0"]
[Termination "normal"]
[Board "10"]
[WhiteElo "1193"]
[BlackElo "1013"]
[PlyCount "69"]
[WhiteFideId "16219996"]
[BlackFideId "16281730"]
[EventCountry "GER"]
[EventRounds "11"]
[EventType "swiss"]
[EventDate "2017.06.03"]

1. e4 d5 2. exd5 Qxd5 3. Nc3 Qd6 4. d4 Nf6 5. Bc4 a6 6. a4 Nbd7 7. Nge2 e6 8.
Bf4 Qb6 9. O-O Be7 10. Re1 O-O 11. Bb3 c5 12. a5 Qa7 13. d5 exd5 14. Bxd5 Nxd5
15. Nxd5 Bf6 16. Bd6 Rd8 17. Nc7 Bxb2 18. Rb1 Bf6 19. Nxa8 Qxa8 20. Qd5 Qa7 21.
Bc7 Re8 22. Bb6 Re5 23. Qxe5 Bxe5 24. Bxa7 c4 25. Nc3 Bxc3 26. Re8+ Nf8 27. Bc5
g6 28. Rxf8+ Kg7 29. Rxc8 Bxa5 30. Rxb7 Bc3 31. Rf8 a5 32. Rbxf7+ Kh6 33. Be3+
Kh5 34. Rxh7+ Kg4 35. h3# 1-0

[Event "DEM U10w 2017"]
[Site "Willingen GER"]
[Date "2017.06.07"]
[Round "6"]
[White "Ulrich, Helena Irene"]
[Black "Adelmeyer, Nelly"]
[Result "1/2-1/2"]
[Termination "normal"]
[Board "11"]
[WhiteElo "1097"]
[BlackElo "1187"]
[PlyCount "83"]
[WhiteFideId "16256000"]
[BlackFideId "16203577"]
[EventCountry "GER"]
[EventRounds "11"]
[EventType "swiss"]
[EventDate "2017.06.03"]

1. e4 e5 2. Nf3 Nc6 3. Bb5 a6 4. Ba4 d6 5. c3 Nf6 6. d3 b5 7. Bb3 Be7 8. Nbd2
O-O 9. O-O Bg4 10. Re1 Na5 11. Bc2 c5 12. Nf1 Qc7 13. Ng3 d5 14. h3 Bxf3 15.
Qxf3 dxe4 16. Nxe4 Nxe4 17. Qxe4 Rfd8 18. d4 g6 19. dxc5 Nc6 20. Be3 Rac8 21.
Rad1 Rxd1 22. Rxd1 Rd8 23. Rxd8+ Nxd8 24. b4 a5 25. a3 a4 26. c4 bxc4 27. Qxc4
Qc6 28. Qe4 Qxe4 29. Bxe4 f5 30. Bc2 f4 31. Bd2 Bg5 32. Bxa4 e4 33. Kf1 e3 34.
fxe3 fxe3 35. Bc1 Ne6 36. Ke2 Nd4+ 37. Kd3 e2 38. Bd2 Kf8 39. c6 Bf4 40. b5 Ke7
41. b6 Kd8 42. Be1 1/2-1/2

[Event "DEM U10w 2017"]
[Site "Willingen GER"]
[Date "2017.06.07"]
[Round "6"]
[White "Nguyen, Jenny Ha Linh"]
[Black "Stepanjan, Marianne"]
[Result "1-0"]
[Termination "normal"]
[Board "12"]
[WhiteElo "1102"]
[BlackElo "880"]
[PlyCount "37"]
[WhiteFideId "16209729"]
[BlackFideId "16246110"]
[EventCountry "GER"]
[EventRounds "11"]
[EventType "swiss"]
[EventDate "2017.06.03"]

1. e4 e5 2. Nf3 Nc6 3. Bc4 Nf6 4. d3 Bc5 5. c3 O-O 6. O-O h6 7. h3 a6 8. Bb3 b5
9. Nbd2 Bb7 10. Re1 Ne7 11. Nf1 d6 12. Ng3 Re8 13. Nh4 Qd7 14. Nhf5 Nxf5 15.
Nxf5 Qc6 16. Qf3 g5 17. Nxh6+ Kf8 18. Qxf6 Re7 19. Qh8# 1-0

[Event "DEM U10w 2017"]
[Site "Willingen GER"]
[Date "2017.06.07"]
[Round "6"]
[White "Heinze, Sofie"]
[Black "Hubert, Charlotte"]
[Result "1/2-1/2"]
[Termination "normal"]
[Board "13"]
[WhiteElo "850"]
[BlackElo "1028"]
[PlyCount "40"]
[WhiteFideId "16226461"]
[BlackFideId "16265920"]
[EventCountry "GER"]
[EventRounds "11"]
[EventType "swiss"]
[EventDate "2017.06.03"]

1. d4 d5 2. Nf3 Nf6 3. g3 Bf5 4. Bg2 e6 5. O-O Bd6 6. Nbd2 Nc6 7. b3 O-O 8. c4
Re8 9. c5 Be7 10. e3 b6 11. Ba3 Qc8 12. Qc1 Qa6 13. b4 Rec8 14. Nh4 Bg6 15.
Nxg6 hxg6 16. Rb1 Qb7 17. Nf3 Ne4 18. Rb3 a5 19. b5 Nb4 20. c6 Qb8 1/2-1/2

[Event "DEM U10w 2017"]
[Site "Willingen GER"]
[Date "2017.06.07"]
[Round "6"]
[White "Alhassan, Jodi"]
[Black "Youness, Jolie"]
[Result "1-0"]
[Termination "normal"]
[Board "14"]
[WhiteElo "953"]
[BlackElo "768"]
[PlyCount "71"]
[WhiteFideId "16250460"]
[EventCountry "GER"]
[EventRounds "11"]
[EventType "swiss"]
[EventDate "2017.06.03"]

1. e4 e5 2. Nf3 Nc6 3. Bc4 Nf6 4. Ng5 d5 5. exd5 Nxd5 6. Qf3 Nce7 7. Nxf7 Qd7
8. Nxh8 Nf4 9. g3 g5 10. gxf4 gxf4 11. Qh5+ Kd8 12. Nf7+ Ke8 13. Nxe5+ Ng6 14.
Nxd7 Bxd7 15. Qxh7 {Es folgte das regelwidrige O-O-O. Daher wurden die
folgenden Züge eingefügt, um die Partiestellung zu erreichen.} Bf5 16. Qh6 Kd7
17. Qh5 Rd8 18. Qh6 Kc8 19. Qh7 Bd7 {Hier ist die Partiestellung wieder
erreicht.} 20. Qxg6 Re8+ 21. Kd1 f3 22. Nc3 c6 23. d4 a6 24. Bh6 Be7 25. h4 b5
26. Be6 Rd8 27. Bxd7+ Rxd7 28. Qe8+ Rd8 29. Qxe7 b4 30. Qxb4 Re8 31. Re1 Rg8
32. Kd2 Rg2 33. Qf8+ Kc7 34. Qxf3 Rg6 35. Qf7+ Kb8 36. Re8# 1-0

[Event "DEM U10w 2017"]
[Site "Willingen GER"]
[Date "2017.06.07"]
[Round "6"]
[White "Schupfer, Victoria"]
[Black "Hebestreit, Marie"]
[Result "1/2-1/2"]
[Termination "normal"]
[Board "15"]
[WhiteElo "830"]
[BlackElo "896"]
[PlyCount "48"]
[EventCountry "GER"]
[EventRounds "11"]
[EventType "swiss"]
[EventDate "2017.06.03"]

1. e4 e5 2. Nf3 Nc6 3. Bc4 Nf6 4. Nc3 Bc5 5. d3 d6 6. h3 h6 7. a3 a6 8. Qe2 Qe7
9. Nh4 Nd4 10. Qd1 Nh7 11. g3 Qf6 12. Be3 Ng5 13. Rc1 Ngf3+ 14. Nxf3 Qxf3 15.
Qxf3 Nxf3+ 16. Ke2 Nd4+ 17. Kd2 Be6 18. Nd5 Rc8 19. f4 Nf3+ 20. Ke2 Bxe3 21.
Nxe3 Bxc4 22. Nxc4 Nd4+ 23. Ke3 b5 24. Na5 c5 1/2-1/2

[Event "DEM U10w 2017"]
[Site "Willingen GER"]
[Date "2017.06.07"]
[Round "6"]
[White "Pröttel, Ela"]
[Black "Khanbekyan, Nare"]
[Result "1/2-1/2"]
[Termination "normal"]
[Board "16"]
[WhiteElo "1050"]
[BlackElo "952"]
[PlyCount "69"]
[WhiteFideId "44582749"]
[BlackFideId "16270916"]
[EventCountry "GER"]
[EventRounds "11"]
[EventType "swiss"]
[EventDate "2017.06.03"]

1. e4 e5 2. Nf3 Nc6 3. Bb5 a6 4. Ba4 b5 5. Bb3 Bc5 6. d3 Nf6 7. O-O d6 8. h3
Be6 9. Re1 O-O 10. c3 b4 11. Bc2 bxc3 12. bxc3 d5 13. Ba4 Ne7 14. Nxe5 d4 15.
c4 Bd6 16. Bc6 Nxc6 17. Nxc6 Qe8 18. Nxd4 Bc8 19. Nf3 Nh5 20. d4 f6 21. c5 Be7
22. Qb3+ Qf7 23. Qxf7+ Rxf7 24. g4 g6 25. gxh5 gxh5 26. Nc3 Rg7+ 27. Kh2 Rb8
28. Bh6 Rf7 29. Rg1+ Kh8 30. Rg2 Be6 31. d5 Bd7 32. c6 Bd6+ 33. Kh1 Bxh3 34.
Rgg1 Rb2 35. Rab1 1/2-1/2

[Event "DEM U10w 2017"]
[Site "Willingen GER"]
[Date "2017.06.07"]
[Round "6"]
[White "Margaryan, Venera"]
[Black "Heuberger, Sandra"]
[Result "1/2-1/2"]
[Termination "normal"]
[Board "17"]
[WhiteElo "773"]
[BlackElo "902"]
[PlyCount "51"]
[WhiteFideId "16266226"]
[BlackFideId "16232151"]
[EventCountry "GER"]
[EventRounds "11"]
[EventType "swiss"]
[EventDate "2017.06.03"]

1. d4 d5 2. c4 e6 3. Nf3 Nc6 4. Nc3 Nf6 5. Bf4 Be7 6. e3 O-O 7. Bd3 dxc4 8.
Bxc4 Bd7 9. O-O a6 10. Be5 b5 11. Bd3 b4 12. Ne4 Rc8 13. Bxa6 Rb8 14. Nxf6+
Bxf6 15. Bxf6 Qxf6 16. Qa4 Ra8 17. Qb5 Nb8 18. Qxb4 Nxa6 19. Qc4 c6 20. Ne5 Bc8
21. Qxc6 Rb8 22. Nd7 Bxd7 23. Qxd7 Rfd8 24. Qc6 Nb4 25. Qc4 h6 26. a3 1/2-1/2

[Event "DEM U10w 2017"]
[Site "Willingen GER"]
[Date "2017.06.07"]
[Round "6"]
[White "Claussen, Kim Sophie"]
[Black "Truong, Bao Ngoc"]
[Result "1/2-1/2"]
[Termination "normal"]
[Board "18"]
[WhiteElo "845"]
[BlackElo "749"]
[PlyCount "73"]
[EventCountry "GER"]
[EventRounds "11"]
[EventType "swiss"]
[EventDate "2017.06.03"]

1. e4 c5 2. Bc4 d6 3. Nf3 Nf6 4. Nc3 g6 5. d3 Bg7 6. h3 Nc6 7. Bg5 O-O 8. O-O
a6 9. Bxf6 Bxf6 10. Nd5 Be6 11. Nxf6+ exf6 12. Bxe6 fxe6 13. Nh4 d5 14. exd5
Qxd5 15. Qf3 Qxf3 16. Nxf3 Rad8 17. Rfe1 Rfe8 18. Re2 Nd4 19. Nxd4 Rxd4 20. c3
Rxd3 21. Re4 Kg7 22. Rc4 Rc8 23. Re1 Rd2 24. Rxe6 Rxb2 25. Re7+ Kh6 26. Re6 Kg7
27. Rce4 Rf8 28. Re7+ Rf7 29. Re2 Rxa2 30. Rxa2 Rxe7 31. Ra5 Re1+ 32. Kh2 Re2
33. Rxc5 Rxf2 34. Rc7+ Kh6 35. Rxb7 Rc2 36. Rb6 Rxc3 37. Rxa6 1/2-1/2

[Event "DEM U10w 2017"]
[Site "Willingen GER"]
[Date "2017.06.07"]
[Round "7"]
[White "Pohle, Saskia"]
[Black "von Beckh, Frieda"]
[Result "1-0"]
[Termination "normal"]
[Board "1"]
[WhiteElo "1416"]
[BlackElo "1248"]
[WhiteClock "00:41:38"]
[BlackClock "01:01:26"]
[PlyCount "51"]
[WhiteFideId "16201604"]
[BlackFideId "16233751"]
[EventCountry "GER"]
[EventRounds "11"]
[EventType "swiss"]
[EventDate "2017.06.03"]

1. e4 1... d5 {[%clk 1:15:52]} 2. exd5 {[%clk 1:16:24]} 2... Nf6 { [%clk
1:16:08]} 3. d4 {[%clk 1:16:50]} 3... Nxd5 {[%clk 1:16:30]} 4. Nf3 { [%clk
1:17:08]} 4... Bf5 {[%clk 1:16:26]} 5. Bd3 {[%clk 1:17:23]} 5... Bxd3 { [%clk
1:16:36]} 6. Qxd3 {[%clk 1:17:46]} 6... Nc6 {[%clk 1:16:58]} 7. O-O { [%clk
1:17:10]} 7... e6 {[%clk 1:15:19]} 8. c4 {[%clk 1:10:03]} 8... Nf6 { [%clk
1:14:03]} 9. Nc3 {[%clk 1:10:09]} 9... e5 {[%clk 1:12:29]} 10. Re1 { [%clk
1:09:53]} 10... Bd6 {[%clk 1:11:27]} 11. dxe5 {[%clk 1:05:53]} 11... Nxe5
{[%clk 1:09:56]} 12. Nxe5 {[%clk 1:06:09]} 12... Qe7 {[%clk 1:09:03]} 13. Nf3 {
[%clk 1:05:45]} 13... Qxe1+ {[%clk 1:08:47]} 14. Nxe1 {[%clk 1:06:11]} 14...
O-O-O {[%clk 1:08:39]} 15. Kh1 {[%clk 1:01:13]} 15... Rhe8 {[%clk 1:07:17]} 16.
Bg5 {[%clk 0:53:04]} 16... Bf4 {[%clk 1:06:39]} 17. Qf5+ {[%clk 0:53:04]} 17...
Re6 {[%clk 1:06:49]} 18. Bxf4 {[%clk 0:52:49]} 18... Rde8 {[%clk 1:07:02]} 19.
Nf3 {[%clk 0:52:25]} 19... Kb8 {[%clk 1:07:17]} 20. Nb5 {[%clk 0:47:04]} 20...
Ne4 {[%clk 1:03:41]} 21. Nxc7 {[%clk 0:43:06]} 21... R8e7 22. Nxe6+ 22... Kc8 {
[%clk 1:01:56]} 23. Nc5+ {[%clk 0:42:22]} 23... Kd8 {[%clk 1:01:34]} 24. Rd1+ {
[%clk 0:41:15]} 24... Nd2 {[%clk 1:01:32]} 25. Rxd2+ {[%clk 0:41:38]} 25... Ke8
{[%clk 1:01:26]} 26. Qc8# 1-0